| 000 | 00590nam a2200205 a 4500 | ||
|---|---|---|---|
| 001 | 1719 | ||
| 003 | CDMR | ||
| 005 | 20151030104202.0 | ||
| 008 | 130130s1974||||||||||||||||||||||||||||d | ||
| 020 | _a8427611781 | ||
| 040 |
_aCDMR _bcat _cCDMR |
||
| 100 | 1 |
_aBorden, Georges A. _91284 |
|
| 245 | 1 | 0 |
_aIntroducción a la teoria de la comunicación humana _cGeorge . Borden |
| 260 |
_aMadrid _c1974 _bNacional |
||
| 300 | _a117 p. | ||
| 490 | 0 | _aComunicación (Editora Nacional) | |
| 650 | 0 | 4 |
_92367 _aComunicació _xAspectes psicològics |
| 650 | 0 | 4 |
_9388 _aComunicació humana |
| 942 |
_cMON _2udc |
||
| 999 |
_c1719 _d1719 |
||